000 01323ngm a22004450a 4500
001 PT39932
003 AR-LpoUNG
005 20210201235854.0
007 vd cvaizq
008 191001s2009||||ag |||||||||||||||||spa d
037 _c$2.65
040 _aAR-LpoUNG
_bspa
_cAR-LpoUNG
_eaacr
041 _aspa
044 _aag
082 0 _a982.064 117san
100 1 _aCabrejas, María
_edir.
245 1 3 _aLa Santa Cruz :
_brefugio de la resistencia
260 _aBuenos Aires :
_bMiradas al sur,
_c2009.
300 _aDVD (80 min.) : son., col.
505 0 _aEscrita y dirigida por María Cabrejas y Fernando Nogueira
520 _aLas primeras Madres de Plaza de Mayo encontraron en la Iglesia de la Santa Cruz un lugar donde reunirse en plena dictadura. Lo hacían junto a otros familiares y militantes por los derechos humanos.
650 4 _aARGENTINA
650 4 _aDICTADURA
650 4 _aGOBIERNO MILITAR
650 4 _aHISTORIA
650 4 _aMUJERES
650 4 _aRESISTENCIA
650 4 _aVIOLENCIA
651 4 _aArgentina
653 _aCINE ARGENTINO
653 _aDOCUMENTAL
653 _aDOCUMENTALES
653 _aDVD
653 _aMADRES DE PLAZA DE MAYO
653 _aREPRESION
653 _aVIDEOS
700 1 _aNogueira, fernando
_edir.
905 _a39932
942 _cDVD
999 _c53657
_d53657